| 000 | 00792nam a2200253Ia 4500 | ||
|---|---|---|---|
| 003 | OSt | ||
| 005 | 20220918112037.0 | ||
| 006 | a|||||r|||| 00| 0 | ||
| 007 | ta | ||
| 008 | 220915b |||||||| |||| 00| 0 hin d | ||
| 024 | _a197331 | ||
| 037 | _cTextbook | ||
| 040 |
_bhin _aARTS _cARTS |
||
| 041 | _ahin | ||
| 082 | _aV44Q7.N7, 152L2 | ||
| 100 |
_aअख्तर, जमुनादास _91722 |
||
| 245 | 0 | _aक्या पाकिस्तान जिन्दा रहेगा | |
| 246 | _aKyā pākistān jindā rahegā | ||
| 250 | _aसंस्क0 2 | ||
| 260 |
_aलखनऊ _bनवभरत _c1972 |
||
| 300 |
_a109 _ccm. |
||
| 942 |
_hV44Q7.N7, 152L2 _cTB _2CC |
||
| 999 |
_c118061 _d118061 |
||